Občania chcú vyvlastňovanie za trhové ceny návrh novely stavebného zákona zachováva ...

Bibliographic Details
Main Author: Klesnilová, Alžbeta (Author)
Format: Article
Language:Slovak
PhysicalDescription:Fotogr.
ISSN:1335-4671
Subjects:

MARC

LEADER 00000nab a2200000 a 4500
001 vtls000823296
003 SK-MaSNL
005 20260302145907.0
008 180206c2003 xo 0 slo
015 |a SNBRB2003/01-03031 
035 |a CLN000174951 
040 |a SNKBUCL  |b slo  |c SNKBUCL  |e AACR2 
041 0 |a slo 
044 |a xo  |c SK 
080 |a 351.712.5  |2 UDC-MRF-SK2 
080 |a 347.232:332.264  |2 UDC-MRF-SK2 
080 |a 332.264  |2 UDC-MRF-SK2 
100 1 |a Klesnilová, Alžbeta  |4 aut  |9 838469 
245 1 0 |a Občania chcú vyvlastňovanie za trhové ceny  |b návrh novely stavebného zákona zachováva ...  |c Alžbeta Klesnilová 
300 |b Fotogr. 
650 0 7 |a nehnuteľnosti  |x vyvlastňovanie  |x záujmy verejné  |2 snkbucl  |9 838565 
650 0 7 |a stavebníctvo  |x zákony  |x novelizácia  |2 snkbucl  |9 838566 
655 7 |a články z novín a časopisov  |2 snkbucl  |9 267496 
773 0 |x 1335-4671  |t Národná obroda  |g Roč. 14, č. 11 (15.1.2003), s. 7 
850 |a Slovenská národná knižnica v Martine 
852 |a SNK  |b KIS3GCP 
958 |a RBX 
999 |c 1355949  |d 1357879